Variation-Aware Design of Custom Integrated Circuits: A Hands-on Field Guide [electronic resource] : A Hands-on Field Guide / by Trent McConaghy, Kristopher Breen, Jeffrey Dyck, Amit Gupta.
Record details
- ISBN: 9781461422693
- Physical Description: XV, 188 p. 124 illus. online resource.
- Publisher: New York, NY : Springer New York : 2013.
Search for related items by subject
| Subject: | Engineering. Electronics. Systems engineering. Engineering. Circuits and Systems. Electronics and Microelectronics, Instrumentation. Nanotechnology and Microengineering. |
Electronic resources
| LDR | 01622nam a22004215i 4500 | ||
|---|---|---|---|
| 001 | 25768 | ||
| 003 | CONS | ||
| 005 | 20130726200319.0 | ||
| 007 | cr nn 008mamaa | ||
| 008 | 121009s2013 xxu| s |||| 0|eng d | ||
| 020 | . | ‡a9781461422693 ‡9978-1-4614-2269-3 | |
| 024 | 7 | . | ‡a10.1007/978-1-4614-2269-3 ‡2doi |
| 035 | . | ‡a(DE-He213)978-1-4614-2269-3 | |
| 050 | 4. | ‡aTK7888.4 | |
| 072 | 7. | ‡aTJFC ‡2bicssc | |
| 072 | 7. | ‡aTEC008010 ‡2bisacsh | |
| 100 | 1 | . | ‡aMcConaghy, Trent. ‡eauthor. |
| 245 | 1 | 0. | ‡aVariation-Aware Design of Custom Integrated Circuits: A Hands-on Field Guide ‡h[electronic resource] : ‡bA Hands-on Field Guide / ‡cby Trent McConaghy, Kristopher Breen, Jeffrey Dyck, Amit Gupta. |
| 264 | 1. | ‡aNew York, NY : ‡bSpringer New York : ‡bImprint: Springer, ‡c2013. | |
| 300 | . | ‡aXV, 188 p. 124 illus. ‡bonline resource. | |
| 336 | . | ‡atext ‡btxt ‡2rdacontent | |
| 337 | . | ‡acomputer ‡bc ‡2rdamedia | |
| 338 | . | ‡aonline resource ‡bcr ‡2rdacarrier | |
| 347 | . | ‡atext file ‡bPDF ‡2rda | |
| 650 | 0. | ‡aEngineering. | |
| 650 | 0. | ‡aElectronics. | |
| 650 | 0. | ‡aSystems engineering. | |
| 650 | 1 | 4. | ‡aEngineering. |
| 650 | 2 | 4. | ‡aCircuits and Systems. |
| 650 | 2 | 4. | ‡aElectronics and Microelectronics, Instrumentation. |
| 650 | 2 | 4. | ‡aNanotechnology and Microengineering. |
| 700 | 1 | . | ‡aBreen, Kristopher. ‡eauthor. |
| 700 | 1 | . | ‡aDyck, Jeffrey. ‡eauthor. |
| 700 | 1 | . | ‡aGupta, Amit. ‡eauthor. |
| 710 | 2 | . | ‡aSpringerLink (Online service) |
| 773 | 0 | . | ‡tSpringer eBooks |
| 776 | 0 | 8. | ‡iPrinted edition: ‡z9781461422686 |
| 856 | 4 | 0. | ‡uhttp://biblioteca.ipicyt.edu.mx:2048/login?url=http://dx.doi.org/10.1007/978-1-4614-2269-3 ‡yTexto completo ‡9CONS |
| 950 | . | ‡aEngineering (Springer-11647) | |
| 901 | . | ‡a25768 ‡b ‡c25768 ‡tbiblio ‡sSystem Local | |